Evaluación de la hidrólisis de sacarosa vía enzimática en un reactor esférico de lecho empacado
Guardado en:
| Hovedforfatter: | |
|---|---|
| Format: | Bog |
| Sprog: | Spanish |
| Udgivet: |
San José, Costa Rica
2012
|
| Fag: | |
| Tags: |
Tilføj Tag
Ingen Tags, Vær først til at tagge denne postø!
|
MARC
| LEADER | 00000nam a22000007a 4500 | ||
|---|---|---|---|
| 003 | 010746 | ||
| 005 | 20221231143928.0 | ||
| 008 | 151103b2012 cr a|||| |||| 00| 0 spa d | ||
| 040 | |c cru CEDI | ||
| 090 | |a TFG 6750 | ||
| 100 | |9 2025 |a Gamboa Montoya, Esteban | ||
| 245 | |a Evaluación de la hidrólisis de sacarosa vía enzimática en un reactor esférico de lecho empacado | ||
| 260 | |a San José, Costa Rica |c 2012 | ||
| 500 | |a Proyecto de graduación (licenciatura en ingeniería química)--Universidad de Costa Rica. Facultad de Ingeniería. Escuela de Ingeniería Química | ||
| 650 | |x SACAROSA - ANALISIS |x HIDROLISIS ENZIMATICA |x ENZIMAS - APLICACIONES CIENTIFICAS |x HIDROLISIS |x ENZIMAS INMOVILIZADAS |9 2026 | ||
| 942 | |c TFG | ||
| 999 | |c 14380 |d 14380 | ||
